Flood risk mitigation and commercial property advice (Record no. 116003)

MARC details
000 -LEADER
fixed length control field 01611cad a22003255a 4500
001 - CONTROL NUMBER
control field L159563
008 - FIXED-LENGTH DATA ELEMENTS--GENERAL INFORMATION
fixed length control field 100415u20170410xxk g 000 0 eng d
035 ## - SYSTEM CONTROL NUMBER
System control number (Sirsi) u159563
041 0# - LANGUAGE CODE
Language code of text/sound track or separate title eng
110 ## - MAIN ENTRY--CORPORATE NAME
Corporate name or jurisdiction name as entry element Royal Institution of Chartered Surveyors
9 (RLIN) 4900
245 00 - TITLE STATEMENT
Title Flood risk mitigation and commercial property advice
Remainder of title an international comparison
Medium [electronic resource]
260 ## - PUBLICATION, DISTRIBUTION, ETC.
Place of publication, distribution, etc. London
Name of publisher, distributor, etc. RICS
Date of publication, distribution, etc. 2017
490 #0 - SERIES STATEMENT
Series statement RICS Research
520 ## - SUMMARY, ETC.
Summary, etc. Provides a unique global perspective on the issues affecting the built environment professions and RICS professionals in providing professional advice on properties at risk of flooding. The research maps the impact of flooding and flood risk on commercial property value and identifies the barriers and opportunities for built environment and RICS professionals in this field. Key opportunities include providing advice on payback periods and cost-benefit analysis or return on investment on flood mitigation measures.
590 ## - LOCAL NOTE (RLIN)
Local note KA NTK
650 24 - SUBJECT ADDED ENTRY--TOPICAL TERM
Topical term or geographic name entry element FLOOD PREVENTION
650 24 - SUBJECT ADDED ENTRY--TOPICAL TERM
Topical term or geographic name entry element COST-BENEFIT ANALYSIS
650 24 - SUBJECT ADDED ENTRY--TOPICAL TERM
Topical term or geographic name entry element RETURN ON INVESTMENT
651 #4 - SUBJECT ADDED ENTRY--GEOGRAPHIC NAME
Geographic name International
690 ## - LOCAL SUBJECT ADDED ENTRY--TOPICAL TERM (OCLC, RLIN)
Topical term or geographic name as entry element Commercial property
9 (RLIN) 6227
700 1# - ADDED ENTRY--PERSONAL NAME
Personal name Lamond, Jessica
700 1# - ADDED ENTRY--PERSONAL NAME
Personal name Bhattacharya, Namrata
700 1# - ADDED ENTRY--PERSONAL NAME
Personal name Chan, Faith
700 1# - ADDED ENTRY--PERSONAL NAME
Personal name Kreibich, Heidi
700 1# - ADDED ENTRY--PERSONAL NAME
Personal name Montz, Burrell
700 1# - ADDED ENTRY--PERSONAL NAME
Personal name Proverbs, David
700 1# - ADDED ENTRY--PERSONAL NAME
Personal name Wilkinson, Sara J.
856 40 - ELECTRONIC LOCATION AND ACCESS
Uniform Resource Identifier <a href="https://www.isurv.com/downloads/download/2162/flood_risk_mitigation_and_commercial_property_advice_an_international_comparison_rics">https://www.isurv.com/downloads/download/2162/flood_risk_mitigation_and_commercial_property_advice_an_international_comparison_rics</a>
Public note Archived on isurv (subscription required)
942 ## - ADDED ENTRY ELEMENTS (KOHA)
Suppress in OPAC 0
Source of classification or shelving scheme Dewey Decimal Classification
Holdings
Withdrawn status Lost status Source of classification or shelving scheme Damaged status Not for loan Home library Current library Shelving location Date acquired Total Checkouts Full call number Barcode Date last seen Copy number Price effective from Koha item type
    Dewey Decimal Classification     Virtual Virtual Online 11/09/2017   isurv 159563-2001 31/12/2024 1 06/08/2019 Online material